[Event "25th Liechtenstein Open"]
[Site "Triesen LIE"]
[Date "2007.05.16"]
[Round "6"]
[White "Kaster,M"]
[Black "Wittwer,Ma"]
[Result "0-1"]
[WhiteElo "2143"]
[BlackElo "1981"]

1.c4 e6 2.Nc3 c5 3.Nf3 Nf6 4.d4 cxd4 5.Nxd4 Bc5 6.Nc2 O-O 7.b4 Be7 8.e4 d5
9.exd5 exd5 10.Nxd5 Nxd5 11.cxd5 Bf6 12.Rb1 Bf5 13.Rb3 Bxc2 14.Qxc2 Qxd5
15.b5 Nd7 16.Be2 Rac8 17.Qd2 Qxg2 18.Bf3 Rfe8+ 19.Kd1 Qg6 20.Qd3 Qxd3+ 21.Rxd3 Ne5
22.Be2 Nxd3 23.Bxd3 Rc3 24.Bb1 Re5 25.Be3 Rxb5 26.Ke2 g6 27.Rd1 Kg7 28.Kf3 Bg5
29.Be4 Bxe3 30.fxe3 Rb6 31.Rd7 Re6 32.Rxb7 a5 33.Ra7 Ra3 34.Bd5 Raxe3+ 35.Kf2 Re2+
36.Kf3 R6e3+ 37.Kf4 Re7 38.Rxa5 h6 39.Kg3 R7e5 40.Kf4 g5+  0-1

[Event "Capo d'Orso"]
[Site "Porto Mannu PAL"]
[Date "2007.05.21"]
[Round "3"]
[White "Glienke,M"]
[Black "Orlov,And"]
[Result "1/2-1/2"]
[WhiteElo "2312"]
[BlackElo "2447"]

1.Nf3 Nf6 2.c4 c5 3.Nc3 e6 4.e3 a6 5.Be2 Be7 6.d4 cxd4 7.exd4 d5 8.c5 Nc6
9.O-O O-O 10.a3 b6 11.cxb6 Qxb6 12.b4 Ne4 13.Na4 Qa7 14.Bb2 Bd7 15.Nc5 Nxc5
16.dxc5 f6 17.Qd2 Qb7 18.Rfe1 Be8 19.Bf1 Bf7 20.Re3 Rfe8 21.Nh4 e5 22.Rg3 Kh8
23.f4 Bf8 24.fxe5 fxe5 25.Rc1 d4 26.Nf3 Rad8 27.Ng5 Bg6 28.Bc4 e4 29.Ne6 e3
30.Qe2 Ne5 31.Nxd8 Rxd8 32.Bxa6 Qe4 33.c6 Nxc6 34.Bb7 d3 35.Qxe3 d2 36.Rd1 Qxe3+
37.Rxe3 Bh5 38.Rxd2 Rxd2 39.Bc3 Rd1+ 40.Kf2 Nd8 41.Be4 Bf7 42.Rd3 Rxd3 43.Bxd3 Bb3
44.Ke3 Be7 45.Bb5 Ne6 46.g3 Nc7 47.Bc6 Kg8 48.Be5 Nd5+ 49.Kd4 Nxb4  1/2-1/2

[Event "50th TCh-SRB Cup"]
[Site "Mataruska Banja SRB"]
[Date "2007.05.22"]
[Round "2"]
[White "Stojanovic,Mih"]
[Black "Arsovic,Z"]
[Result "1/2-1/2"]
[WhiteElo "2588"]
[BlackElo "2469"]

1.c4 Nf6 2.Nc3 c5 3.Nf3 e6 4.g3 b6 5.Bg2 Bb7 6.O-O d6 7.d4 cxd4 8.Nxd4 Bxg2
9.Kxg2 a6 10.Qa4+ Nfd7 11.Rd1 Be7 12.Ndb5 O-O 13.Be3 Nc5 14.Bxc5 bxc5 15.Nxd6 Qb6
16.Nde4 f5 17.Nd2 Qxb2 18.Qb3 Qxb3 19.Nxb3 Ra7 20.Na4 Nd7 21.Na5 Rc7 22.Rab1 Rfc8
23.Rb3 Kf7 24.Nb6 Rd8 25.Na4 Ke8 26.Nb7 Rdc8 27.Na5 Rd8 28.Nb7 Rdc8 29.Na5 Rd8  1/2-1/2

[Event "50th TCh-SRB Cup"]
[Site "Mataruska Banja SRB"]
[Date "2007.05.23"]
[Round "3"]
[White "Damljanovic,B"]
[Black "Markus,Rob"]
[Result "1/2-1/2"]
[WhiteElo "2585"]
[BlackElo "2567"]

1.Nf3 Nf6 2.c4 c5 3.Nc3 e6 4.g3 b6 5.Bg2 Bb7 6.O-O Be7 7.Re1 Ne4 8.Na4 O-O
9.d3 Nf6 10.e4 d6 11.a3 Nc6 12.Rb1 Nd7 13.b4 Rb8 14.Be3 Bf6 15.d4 cxd4 16.Nxd4 Nxd4
17.Bxd4 Qe7 18.Bxf6 Nxf6 19.Rc1 Rbc8 20.Nb2 Rfd8 21.Nd3 Rc7 22.Qb3 Rdc8 23.e5 dxe5
24.Bxb7 Rxb7 25.Nxe5 Nd7 26.Nf3 h6  1/2-1/2

[Event "zt 2.3"]
[Site "Santo Domingo DOM"]
[Date "2007.05.30"]
[Round "2"]
[White "Gonzalez Zamora,J"]
[Black "Boada,W"]
[Result "1-0"]
[WhiteElo "2537"]
[BlackElo "2185"]

1.Nf3 Nf6 2.c4 c5 3.Nc3 g6 4.g3 Bg7 5.Bg2 O-O 6.d4 d6 7.O-O Nc6 8.dxc5 dxc5
9.Be3 Qa5 10.Qb3 Bd7 11.Rfd1 Rac8 12.Bg5 Rfd8 13.Nd5 b6 14.h3 Nxd5 15.cxd5 Nd4
16.Nxd4 cxd4 17.Bxe7 Ba4 18.Qa3 Bxd1 19.Qxa5 bxa5 20.Bxd8 Rxd8 21.Rxd1 Rc8
22.Rd3 Rc2 23.Rb3 Bf8 24.Bf3 Bc5 25.Kf1 a4 26.Rb8+ Kg7 27.Be4 Rc1+ 28.Kg2 a3
29.bxa3 Bxa3 30.Rb7 a5 31.Rd7 Kf6 32.d6 Ke6 33.Ra7 Kxd6 34.Rxa5 Bc5 35.Ra6+ Kd7
36.Bd3 Rc3 37.a4 Ra3 38.Kf3 f5 39.Kf4 Bd6+ 40.Kg5 Rc3 41.Kh6 f4 42.gxf4 Bxf4+
43.Kxh7 g5 44.a5 Kc8 45.Kg6 Kb7 46.Rf6 Ka7 47.h4 Bc7 48.hxg5  1-0

[Event "35th World Open"]
[Site "King of Prussia USA"]
[Date "2007.06.01"]
[Round "3"]
[White "Bartholomew,J"]
[Black "Perelshteyn,E"]
[Result "1/2-1/2"]
[WhiteElo "2419"]
[BlackElo "2531"]

1.Nf3 Nf6 2.c4 c5 3.Nc3 e6 4.g3 b6 5.Bg2 Bb7 6.O-O Be7 7.Re1 d6 8.e4 a6 9.d4 cxd4
10.Nxd4 Qc7 11.Be3 Nbd7 12.f4 O-O 13.Rc1 Rac8 14.f5 e5 15.Nb3 Qb8 16.Qe2 Bc6
17.Nd5 Bd8 18.Bf2 Re8 19.Nb4 Bb7 20.Nd2 Nc5 21.b3 Qa8 22.a4 a5 23.Na2 g6
24.fxg6 hxg6 25.Nc3 Bc6 26.Bh3 Rb8 27.Bxc5 dxc5 28.Nd5 Nh7 29.Rf1 Qb7 30.Rf2 f6
31.Rcf1 Qg7 32.Bg4 Rb7 33.Kg2 Rf7 34.h4 Qh6 35.h5 Rg7 36.Qe3 Qxe3 37.Nxe3 Ng5
38.Nd5 gxh5 39.Bxh5 Rf8 40.Bg4 Nh7 41.Be6+ Kh8 42.Rh1 Bd7 43.Bxd7 Rxd7 44.Rf5 Rg8
45.Rfh5 Rg4 46.Kf3 Rg6 47.Kf2 Rg4 48.Re1 Rdg7 49.Rh3 Kg8 50.Nf3 Rd7 51.Rh5 Rgg7
52.Reh1 Rg4 53.Re1 Rgg7 54.Reh1  1/2-1/2

[Event "29th Mem Nezhmetdinov"]
[Site "Kazan RUS"]
[Date "2007.06.03"]
[Round "3"]
[White "Leontiev,Alek"]
[Black "Galeev,S"]
[Result "1/2-1/2"]
[WhiteElo "2368"]
[BlackElo "2238"]

1.c4 c5 2.Nf3 Nf6 3.Nc3 d5 4.cxd5 Nxd5 5.e4 Nb4 6.Bb5+ Bd7 7.a3 N4c6 8.d4 cxd4
9.Nxd4 Nxd4 10.Qxd4 Nc6 11.Qe3 g6 12.O-O Bg7 13.Rd1 O-O 14.b4 a6 15.Bf1 e6
16.Bb2 Qe7 17.Qb6 Rab8 18.Na4 Ne5 19.Nc5 Bc6 20.f4 Nc4 21.Bxc4 Bxb2 22.Ra2 Qf6
23.Nxe6 fxe6 24.e5 Bxe5 25.fxe5 Qxe5 26.Re2 Qf4 27.Bxe6+ Kg7 28.Rf2 Qxf2+
29.Qxf2 Rxf2 30.Kxf2 Rf8+ 31.Kg3 Re8 32.Rd6 g5 33.Bf5 Re2 34.Bd7 Rxg2+ 35.Kh3 Rc2
36.Kg4 h6 37.Bxc6 Rxc6 38.Rd7+ Kg6 39.Rxb7 Rc4+ 40.Kg3 Rc3+ 41.Kg2 Rxa3 42.Rb6+ Kh5
43.h3 Ra1 44.Kh2 Ra2+ 45.Kg3 a5  1/2-1/2

[Event "35th World Open"]
[Site "King of Prussia USA"]
[Date "2007.06.03"]
[Round "7"]
[White "Bartholomew,J"]
[Black "Rensch,D"]
[Result "1-0"]
[WhiteElo "2419"]
[BlackElo "2382"]

1.Nf3 Nf6 2.c4 e6 3.Nc3 c5 4.g3 b6 5.Bg2 Bb7 6.O-O Be7 7.Re1 Ne4 8.d4 Nxc3
9.bxc3 Be4 10.d5 Bf6 11.Bb2 O-O 12.Bh3 exd5 13.cxd5 b5 14.Qd2 d6 15.a4 Nd7
16.axb5 Nb6 17.Qf4 Re8 18.Rad1 Nxd5 19.Qc1 Qa5 20.Nd2 Nxc3 21.Nxe4 Nxe4 22.Bd7 Re7
23.Bc6 Bxb2 24.Qxb2 Rd8 25.Rc1 h6 26.Red1 Qb6 27.Qa2 Nf6 28.e3 Ng4 29.Qd5 Nf6
30.Qa2 Kf8 31.h3 Kg8 32.Rd3 Qc7 33.Ra3 Qb8 34.Ra1 d5 35.Rxa7 Rxa7 36.Qxa7 Qd6
37.Rd1 d4 38.exd4 cxd4 39.Bf3 Qb4 40.b6 Nd7 41.b7 Ne5 42.Bg2 d3 43.Qa8 Qd6
44.Qc8 d2 45.Qc2 Qb6 46.Rxd2 Rf8 47.Rd1 Qa7 48.Qc8 Qb6 49.Be4 Qb4 50.Bg2 Qb6
51.Rc1 Ng6 52.Qxf8+ Nxf8 53.Rc8  1-0

[Event "TCh-BIH"]
[Site "Vogosca BIH"]
[Date "2007.06.03"]
[Round "2"]
[White "Golubovic,B"]
[Black "Vuckovic,Bo"]
[Result "0-1"]
[WhiteElo "2441"]
[BlackElo "2555"]

1.c4 Nf6 2.Nf3 c5 3.Nc3 e6 4.e4 Nc6 5.Be2 e5 6.d3 Be7 7.O-O O-O 8.Ne1 d6
9.f4 exf4 10.Bxf4 Be6 11.Nc2 Nd7 12.Qd2 h6 13.Ne3 Nde5 14.Rf2 Ng6 15.Bg3 Bg5
16.Re1 Nd4 17.Bh5 Ne5 18.Qd1 a6 19.Bxe5 Bxe3 20.Rxe3 dxe5 21.Bg4 b5 22.b3 b4
23.Na4 Qd6 24.Rg3 Rad8 25.Bf5 Bxf5 26.exf5 f6 27.Qh5 Rf7 28.Qh4 e4 29.dxe4 Re8
30.h3 Rfe7 31.Rg4 h5 32.Qxh5 Rxe4 33.Rxe4 Rxe4 34.Qd1 Qe5 35.Kf1 Qh2 36.Rd2 Rf4+  0-1

[Event "29th Mem Nezhmetdinov"]
[Site "Kazan RUS"]
[Date "2007.06.05"]
[Round "5"]
[White "Turkin,V"]
[Black "Sadykov,Ra"]
[Result "0-1"]
[WhiteElo "2299"]
[BlackElo "2162"]

1.Nf3 Nf6 2.c4 c5 3.Nc3 g6 4.g3 Bg7 5.Bg2 O-O 6.O-O Nc6 7.e3 d5 8.cxd5 Nxd5
9.d4 Nxc3 10.bxc3 e5 11.Ba3 exd4 12.Bxc5 dxc3 13.Bxf8 Qxf8 14.Qb3 Qe7 15.Rac1 Be6
16.Qa4 Rb8 17.Rfd1 b5 18.Qf4 Rc8 19.Nd4 Nxd4 20.exd4 Bxa2 21.d5 a5 22.Re1 Qd7
23.Qg5 b4 24.Re7 Qd6 25.Ra7 b3  0-1

[Event "ch-St Petersburg"]
[Site "St Petersburg RUS"]
[Date "2007.06.05"]
[Round "8"]
[White "Loginov,Va"]
[Black "Biriukov,O"]
[Result "1-0"]
[WhiteElo "2496"]
[BlackElo "2379"]

1.Nf3 c5 2.c4 Nf6 3.Nc3 d5 4.cxd5 Nxd5 5.g3 Nc6 6.Bg2 g6 7.h4 h6 8.d3 Bg7
9.Bd2 Be6 10.Rc1 b6 11.a3 Qd7 12.Qa4 Rc8 13.O-O O-O 14.Nxd5 Bxd5 15.b4 Ne5
16.Qxd7 Nxd7 17.bxc5 Nxc5 18.Bb4 Na6 19.Bxe7 Rxc1 20.Rxc1 Re8 21.Bd6 Rxe2
22.Rc8+ Kh7 23.d4 Bxf3 24.Bxf3 Re1+ 25.Kg2 Bxd4 26.Rf8 Bc5 27.Bxc5 Nxc5 28.Rxf7+ Kh8
29.Rxa7 Re5 30.Bd1 Re6 31.Bc2 Kg8 32.Rc7 Kf8 33.Kf1 Na6 34.Rh7 Nc5 35.Ra7 Ne4
36.Rc7 Nc5 37.Kg2 Na6 38.Rh7 Nc5 39.Kf3 Kg8 40.Rc7 Kf8 41.Ra7 Rd6 42.Kf4 g5+
43.hxg5 hxg5+ 44.Kxg5 Rd5+ 45.Kh6 Rd2 46.Bf5 Rxf2 47.g4 Nb3 48.Kg6 Nc5 49.Rf7+ Kg8
50.Rf6  1-0

[Event "8th UKR Universiad"]
[Site "Evpatoria UKR"]
[Date "2007.06.07"]
[Round "1"]
[White "Vypkhanyuk,I"]
[Black "Vovk,Y"]
[Result "0-1"]
[WhiteElo "2270"]
[BlackElo "2523"]

1.Nf3 Nf6 2.c4 c5 3.Nc3 d5 4.cxd5 Nxd5 5.d4 Nxc3 6.bxc3 g6 7.e4 Bg7 8.Rb1 O-O
9.Be2 Nd7 10.O-O Nf6 11.Qd3 b6 12.Bg5 Bb7 13.d5 h6 14.Bh4 Nh5 15.c4 Qd7 16.Qe3 e5
17.Ne1 Nf4 18.Bg3 Rae8 19.Bf3 Ba6 20.Rc1 b5 21.Qa3 Qd6 22.Bxf4 exf4 23.Nd3 bxc4
24.Qxc5 Be5 25.Qxd6 Bxd6 26.Nb2 Ba3 27.Nxc4 Bxc1 28.Rxc1 Rc8 29.Be2 Rc5 30.d6 Re8
31.d7 Rd8 32.Rd1 Bxc4 33.Rc1 Bxe2  0-1

[Event "11th Master Open"]
[Site "Voronezh RUS"]
[Date "2007.06.15"]
[Round "4"]
[White "Bratus,P"]
[Black "Ovsiannikov,M"]
[Result "1/2-1/2"]
[WhiteElo "2225"]
[BlackElo "2054"]

1.c4 Nf6 2.Nf3 c5 3.Nc3 e6 4.d4 cxd4 5.Nxd4 Bb4 6.Bd2 Nc6 7.Nc2 Be7 8.e4 Qc7
9.Be2 O-O 10.O-O b6 11.Rc1 Bb7 12.Ne3 Rac8 13.Kh1 Qb8 14.f3 d6 15.g4 Qa8
16.b3 Rfd8 17.g5 Nd7 18.Ng4 Nde5 19.Nf2 Nd4 20.Be3 Nxe2 21.Qxe2 d5 22.cxd5 Ba3
23.Rc2 exd5 24.Nxd5 Rxc2 25.Qxc2 Bxd5 26.exd5 Qxd5 27.Ne4 Qd3 28.Qxd3 Rxd3
29.Bc1 Bxc1 30.Rxc1 h6 31.f4 Nf3 32.gxh6 gxh6 33.Rc3 Rxc3 34.Nxc3  1/2-1/2

[Event "XXV Open"]
[Site "Novi Becej SRB"]
[Date "2007.06.16"]
[Round "8"]
[White "Brkic,D SRB"]
[Black "Popovic,Milo2"]
[Result "0-1"]
[WhiteElo "2285"]
[BlackElo "2404"]

1.c4 c5 2.Nc3 Nf6 3.Nf3 g6 4.e3 Bg7 5.d4 O-O 6.Be2 cxd4 7.exd4 d5 8.O-O dxc4
9.Bxc4 Nbd7 10.Bb3 Nb6 11.Re1 a5 12.a4 h6 13.Ne5 e6 14.Bc2 Nbd5 15.Ra3 Nb4
16.Bb1 Nd7 17.Ng4 g5 18.h4 f5 19.Nxh6+ Bxh6 20.Qh5 Bg7 21.Bxg5 Nf6 22.Qf3 Qxd4  0-1

[Event "GM"]
[Site "Perm RUS"]
[Date "2007.06.16"]
[Round "5"]
[White "Terekhin,A"]
[Black "Pisakov,I"]
[Result "0-1"]
[WhiteElo "2323"]
[BlackElo "2341"]

1.c4 c5 2.Nf3 Nf6 3.Nc3 g6 4.d4 cxd4 5.Nxd4 Bg7 6.e4 O-O 7.Be2 Nc6 8.Be3 e6
9.O-O Re8 10.Ndb5 b6 11.f4 Re7 12.e5 Ne8 13.Bf3 Bb7 14.Ne4 f6 15.Nbd6 Nxd6
16.Nxd6 Bc8 17.b4 Rb8 18.b5 Na5 19.Bd4 f5 20.Qa4 Bb7 21.Be2 Ba8 22.Rfd1 Bh6
23.c5 Bxf4 24.cxb6 axb6 25.g3 Bg5 26.Rac1 Bxc1 27.Rxc1 Bd5 28.Qa3 Rg7 29.Qe3 h5
30.Qh6 h4 31.gxh4 Rh7 32.Qg5 Qxg5+ 33.hxg5 Bxa2 34.Rc7 Bd5 35.Nc8 Rb7 36.Bxb6 Rxc7
37.Bxc7 Nb7 38.b6 Kf7 39.Ba6 Nc5 40.Nd6+ Ke7 41.Nc8+ Kf7 42.Nd6+ Ke7 43.Nc8+ Ke8
44.Nd6+ Kf8 45.Bc8 Rh3 46.b7 Rb3 47.h4 f4 48.h5 Rb1+ 49.Kf2 Rb2+ 50.Kf1 f3
51.Ba5 Nd3 52.b8=Q Rxb8 53.Bb7 gxh5 54.Bc7 Rxb7 55.Nxb7 Bxb7  0-1

[Event "Masters"]
[Site "Grenoble FRA"]
[Date "2007.06.20"]
[Round "1"]
[White "Aguettaz,M"]
[Black "Adda,O"]
[Result "1-0"]
[WhiteElo "2329"]
[BlackElo "2190"]

1.Nf3 Nf6 2.c4 c5 3.Nc3 b6 4.e4 Bb7 5.e5 Nh5 6.d4 cxd4 7.Nxd4 g6 8.Be2 Nc6
9.Nxc6 dxc6 10.Bxh5 gxh5 11.Qxh5 Qd3 12.e6 O-O-O 13.exf7 e6 14.Qe5 Qg6 15.Qxh8 Bg7
16.Qxd8+ Kxd8 17.Be3 Bxc3+ 18.bxc3 Qxf7 19.c5 Ba6 20.f3 Qg6 21.Rd1+ Kc8 22.Kf2 Bc4
23.Rd2 b5 24.Rhd1 Bd5 25.Bd4 Qf5 26.Kg1 e5 27.Bf2 h5 28.Re2 Qg6 29.Re3 e4
30.fxe4 Bxe4 31.Rg3 Qf7 32.Re1 Bf5 33.Bd4 Bg4 34.h3 Qf4 35.Rge3 Bd7 36.Rf1 Qg5
37.Rf7 Qd5 38.Ree7 Qxa2 39.Rxd7 b4 40.Rc7+ Kb8 41.Rb7+ Ka8  1-0

[Event "TCh-ESP Honor Gp1"]
[Site "Lugo ESP"]
[Date "2007.06.20"]
[Round "1"]
[White "Rivas Pastor,M"]
[Black "Sanchez Guirado,F"]
[Result "1-0"]
[WhiteElo "2496"]
[BlackElo "2407"]

1.c4 Nf6 2.Nc3 c5 3.Nf3 g6 4.d4 cxd4 5.Nxd4 Nc6 6.g3 Bg7 7.Bg2 O-O 8.O-O Nxd4
9.Qxd4 d6 10.Bg5 Be6 11.Qh4 Qa5 12.Rac1 Rfc8 13.b3 Rab8 14.Rfd1 a6 15.Bd2 Qa3
16.Be3 Ng4 17.Qxe7 Nxe3 18.fxe3 b5 19.Qxd6 Qxd6 20.Rxd6 bxc4 21.b4 Bf8 22.Rxa6 Bxb4
23.Kf2 Rc5 24.Rb1 Rcc8 25.Rc1 Rd8 26.Be4 Kg7 27.Rc2 Rbc8 28.Rb6 Rb8 29.Ra6 Rbc8
30.Rb6 Rb8 31.Rxb8 Rxb8 32.Rb2 Kf6 33.a3 Bd6 34.Rxb8 Bxb8 35.Bd5 Bd6 36.Ne4+ Ke5
37.Nxd6 c3 38.Ke1 Kxd5 39.Nb5 Kc4 40.Nd4 Bd7 41.Kd1 Ba4+ 42.Kc1 Kd5 43.Nc2 h5
44.Nb4+ Kc4 45.Nc2 Kb3 46.e4 Kc4 47.Ne1 Kd4 48.Nf3+ Kxe4 49.Ng5+ Ke3 50.Nxf7 Kxe2
51.Ng5 Kf1 52.Ne4 Kg2 53.Nxc3 Bc6 54.Ne2 Kxh2 55.Kd2 g5 56.Ke3 Kg2 57.Nd4 Bd7
58.Nf3 g4 59.Ne5 Be8 60.Kf4 Kh3 61.Nd3 Bd7 62.Nf2+ Kg2 63.Ne4 Be8 64.Nf6 Bf7
65.a4 h4 66.gxh4 Kh3 67.h5 g3 68.h6 Bg6 69.h7 Bxh7 70.Nxh7  1-0

[Event "Open"]
[Site "Teplice CZE"]
[Date "2007.06.22"]
[Round "8"]
[White "Ivanov,MM"]
[Black "Spirin,O"]
[Result "1/2-1/2"]
[WhiteElo "2450"]
[BlackElo "2349"]

1.Nf3 c5 2.c4 Nf6 3.Nc3 b6 4.e4 d6 5.d4 cxd4 6.Nxd4 Bb7 7.f3 e6 8.Be3 a6
9.Be2 Be7 10.O-O O-O 11.Qd2 Qc7 12.a4 Nbd7 13.a5 bxa5 14.Nb3 Rab8 15.Nxa5 Ba8
16.Rfc1 Ne5 17.Kh1 Qd7 18.Nd1 Rfd8 19.Bd4 Ng6 20.Nf2 Nh5 21.Be3 Nf6 22.Nd3 d5
23.exd5 exd5 24.c5 d4 25.Bf2 Nd5 26.Rc4 Ne3 27.Bxe3 dxe3 28.Qxe3 Bd5 29.Rc2 Qc7
30.b4 Bf6 31.Rd1 h5 32.c6 Be6 33.Nc5 Rxd1+ 34.Bxd1 Rd8 35.Rd2 Rxd2 36.Qxd2 Bc8
37.Be2 Qe5 38.Qd1 Be7 39.Nd7 Qc3 40.Nb6 Be6 41.Nac4 Bxb4 42.c7 Ne7 43.Qd8+ Kh7
44.Qd3+ Qxd3 45.Bxd3+ g6 46.Bc2 Bc5 47.Ba4 Bxb6 48.Nxb6 Nc8 49.Nd7 Kg7 50.Kg1 f6
51.Nc5 Kf7 52.Nxa6 Ke7 53.Nc5 Bf5 54.Nb7 Na7 55.Kf2 Bc8 56.Nc5 Bf5 57.Ke3 h4
58.Kd4 Kd6 59.Ne4+ Kxc7 60.Nxf6 Kd6 61.Ne4+ Ke6 62.Bb3+ Ke7 63.Nc3 Nc6+ 64.Ke3 Nb4
65.Nd5+ Nxd5+ 66.Bxd5 Kf6 67.Bc4 g5 68.Kd4 Bc8 69.Bd3 Be6 70.Be4 Bc8 71.Kd5 Ba6
72.Kd4 Bf1 73.g3 hxg3 74.hxg3 Ba6 75.Kd5 Be2 76.Kd6 Bd1 77.Kd7 Bb3 78.Ke8 Bc4
79.Bc6 Bb3 80.f4 gxf4 81.gxf4  1/2-1/2

[Event "King's Gambit B"]
[Site "Lipetsk RUS"]
[Date "2007.06.24"]
[Round "4"]
[White "Slugin,S"]
[Black "Szieberth,A"]
[Result "1-0"]
[WhiteElo "2383"]
[BlackElo "2321"]

1.Nf3 Nf6 2.c4 c5 3.Nc3 g6 4.g3 Bg7 5.Bg2 O-O 6.O-O Nc6 7.d4 cxd4 8.Nxd4 Ng4
9.e3 d6 10.b3 Bd7 11.Bb2 Nxd4 12.exd4 Rb8 13.Re1 Nh6 14.Nd5 e6 15.Ne3 Bc6
16.Bf1 b5 17.Qd2 bxc4 18.Bxc4 Bb5 19.Rac1 Bxc4 20.Rxc4 d5 21.Rc6 Qd7 22.Rec1 Rfc8
23.Qc2 Rxc6 24.Qxc6 Qxc6 25.Rxc6 Bf8 26.Rc7 a5 27.Ra7 Bb4 28.Kf1 Nf5 29.Nxf5 gxf5
30.Ke2 Kg7 31.Kd1 Rc8 32.Rb7 Kg6 33.f4 h5 34.Rb5 h4 35.a3 hxg3 36.hxg3 Bd6
37.Rxa5 Kh5 38.Ra6 Bf8 39.b4 Kg4 40.b5 Kxg3 41.Rc6 Rb8 42.Rc3+ Kxf4 43.Rb3 Bd6
44.b6 Ke4 45.b7 Rh8 46.a4 f4 47.Bc1 Bb8 48.a5 Rh1+ 49.Kc2 f3 50.Re3+ Kxd4
51.Rxf3 f5 52.a6 Rh7 53.Rc3 Rh2+ 54.Kb3 Rh7 55.Rc8 Bd6 56.Ka4 Rh2 57.b8=Q Bxb8
58.Rxb8 Rc2 59.Bb2+ Kd3 60.a7  1-0

[Event "Open"]
[Site "Pula CRO"]
[Date "2007.06.25"]
[Round "3"]
[White "Kovacevic,Bl"]
[Black "Kukov,V"]
[Result "1/2-1/2"]
[WhiteElo "2442"]
[BlackElo "2282"]

1.c4 c5 2.Nf3 Nf6 3.Nc3 e6 4.g3 b6 5.Bg2 Bb7 6.O-O Be7 7.d4 cxd4 8.Qxd4 d6
9.Bg5 a6 10.Bxf6 Bxf6 11.Qf4 O-O 12.Rfd1 Be7 13.Ne4 Bxe4 14.Qxe4 Ra7 15.Nd4 Rd7
16.Qe3 Bf6 17.a4 Qc7 18.Rac1 Qc5 19.b3 Rfd8 20.Rd3 Bxd4 21.Rxd4 a5 22.Rcd1 Na6
23.Be4 Nb4 24.Qf3 f5 25.Bb1 g6 26.R4d2 Nc6 27.Qc3 Qe5 28.Qf3 Qc5 29.Qc3 Qe5
30.Qf3  1/2-1/2

[Event "White Nights"]
[Site "St Petersburg RUS"]
[Date "2007.06.26"]
[Round "2"]
[White "Bagrunov,V"]
[Black "Smirnov,Vl3"]
[Result "1/2-1/2"]
[WhiteElo "2055"]
[BlackElo "1891"]

1.Nf3 Nf6 2.c4 c5 3.Nc3 d5 4.cxd5 Nxd5 5.d4 e6 6.e4 Nxc3 7.bxc3 cxd4 8.cxd4 Bb4+
9.Bd2 Qa5 10.Rb1 Bxd2+ 11.Qxd2 Qxd2+ 12.Kxd2 O-O 13.Bd3 b6 14.Rhc1 Ba6 15.Ne5 Bxd3
16.Kxd3 Na6 17.Nc6 f6 18.Rb3 Nb8 19.Ne7+ Kf7 20.Nc8 Na6 21.Nd6+ Ke7 22.Nb5 e5
23.Nc7 Rac8 24.Rbc3 Nb4+ 25.Ke3 exd4+ 26.Kxd4 Rcd8+ 27.Nd5+ Nxd5 28.exd5 Rd7
29.Rc8 Rxc8 30.Rxc8 g6 31.h4 Kd6 32.Rc6+ Ke7 33.Re6+ Kf7 34.Rc6 Ke7 35.g4 Rd6
36.Rc3 b5 37.Ra3 a6 38.g5 Kd7 39.Rf3 f5 40.Kc5 a5 41.Rd3 b4 42.Kb5 a4 43.Kxb4 Rb6+
44.Kc3 Kd6 45.Rd4 Rb1 46.Rxa4 Kxd5 47.Rd4+ Kc5 48.Rd7 Rf1 49.Rxh7 Rxf2 50.Rg7 Rh2
51.Kd3 Rh3+ 52.Ke2 Kd4 53.Kf2 Ke4 54.Kg2 Ra3 55.Rxg6 Rxa2+ 56.Kf1 Kf3 57.Ke1 Rh2
58.Rh6 f4 59.g6 Ke3 60.Kd1 f3 61.g7 Rg2 62.Re6+ Kf4 63.Rf6+ Ke3 64.Rf7 f2
65.Re7+ Kf3 66.Rf7+ Ke3 67.Re7+ Kf3  1/2-1/2

[Event "King's Gambit B"]
[Site "Lipetsk RUS"]
[Date "2007.06.27"]
[Round "7"]
[White "Slugin,S"]
[Black "Truskavetsky,A"]
[Result "1-0"]
[WhiteElo "2383"]
[BlackElo "2377"]

1.Nf3 c5 2.c4 Nf6 3.Nc3 b6 4.g3 Bb7 5.Bg2 e6 6.O-O Be7 7.d4 cxd4 8.Qxd4 d6
9.Bg5 a6 10.Bxf6 Bxf6 11.Qf4 O-O 12.Rfd1 Be7 13.Ne4 Bxe4 14.Qxe4 Ra7 15.Nd4 Rc7
16.b3 Qc8 17.a4 Bf6 18.Ra2 Nd7 19.e3 Nc5 20.Qb1 Rd8 21.Rc2 g6 22.Qa2 Nd7
23.Rcd2 Ne5 24.a5 bxa5 25.Qxa5 Rc5 26.Qa4 a5 27.Nb5 d5 28.Qxa5 Qb8 29.Qa3 Rcc8
30.Na7 Rc7 31.Nb5 Rcc8 32.Na7 Rc7 33.Nb5 Be7 34.Qa2 Rcc8 35.h3 dxc4 36.Rxd8+ Rxd8
37.Rxd8+ Qxd8 38.bxc4 Qd1+ 39.Kh2 h5 40.Qa8+ Kg7 41.Qa7 Bb4 42.Nd4 Be1 43.Qc7 Nd3
44.Nxe6+ Kf6 45.Qd8+ Kxe6 46.Bd5+ Kf5 47.Qe7 f6 48.h4 Nc5 49.Bg2 g5 50.Qxc5+ Kg6
51.Be4+ Kf7 52.Qc7+ Kf8 53.Bg6  1-0

[Event "Narciso Yepes Mem"]
[Site "Lorca ESP"]
[Date "2007.06.28"]
[Round "8"]
[White "Pogorelov,R"]
[Black "Flores,Di"]
[Result "0-1"]
[WhiteElo "2462"]
[BlackElo "2543"]

1.Nf3 c5 2.c4 Nf6 3.Nc3 b6 4.g3 Bb7 5.Bg2 e6 6.O-O Be7 7.Re1 a6 8.e4 d6 9.d4 cxd4
10.Nxd4 Qc7 11.Be3 O-O 12.Rc1 Nbd7 13.f4 Rac8 14.f5 e5 15.Nd5 Qd8 16.Nb3 b5
17.Nxe7+ Qxe7 18.cxb5 axb5 19.Qd3 b4 20.Na5 Nc5 21.Bxc5 dxc5 22.Nxb7 Qxb7
23.Qc4 h6 24.Red1 Rc6 25.Bf3 Ra8 26.g4 Qe7 27.Kg2 Nh7 28.Qd5 Rac8 29.Be2 c4
30.Rxc4 Rxc4 31.Bxc4 Nf6 32.Qd3 Nxg4 33.Bb3 Qa7 34.Kg3 Nf2 35.Qd7 Nxe4+ 36.Kf3 Ng5+
37.Kg4 Qe3 38.Qxc8+ Kh7  0-1

[Event "South African Open"]
[Site "Cape Town RSA"]
[Date "2007.07.01"]
[Round "5"]
[White "Solomon,K"]
[Black "Rubery,M"]
[Result "1/2-1/2"]
[WhiteElo "2320"]
[BlackElo "2250"]

1.Nf3 Nf6 2.c4 c5 3.Nc3 e6 4.g3 d5 5.cxd5 Nxd5 6.Bg2 Nc6 7.O-O Be7 8.d4 O-O
9.e4 Nxc3 10.bxc3 Qa5 11.d5 exd5 12.exd5 Nb8 13.Bg5 Bxg5 14.Nxg5 Bf5 15.Qf3 Bg6
16.h4 h6 17.h5 Bxh5 18.Qxh5 hxg5 19.Be4 f5 20.Bc2 c4 21.Qxg5 Qxd5 22.Rad1 Qf7
23.Kg2 Nc6  1/2-1/2

[Event "4th Open"]
[Site "Proville FRA"]
[Date "2007.07.01"]
[Round "7"]
[White "Colin,V"]
[Black "Daurelle,H"]
[Result "1-0"]
[WhiteElo "2437"]
[BlackElo "2209"]

1.c4 Nf6 2.Nc3 c5 3.Nf3 d5 4.cxd5 Nxd5 5.g3 Nc6 6.Bg2 Nc7 7.O-O e5 8.d3 Be7
9.Nd2 O-O 10.Nc4 f6 11.f4 Be6 12.fxe5 fxe5 13.Rxf8+ Bxf8 14.Be3 Nd5 15.Bf2 Rc8
16.Be4 Rc7 17.Qf1 Rd7 18.Qg2 Nxc3 19.bxc3 Bxc4 20.Qh3 g6 21.dxc4 Rd1+ 22.Rxd1 Qxd1+
23.Kg2 Qd6 24.Bd5+ Kg7 25.Be3 h5 26.Qc8 Nd8 27.g4 b6 28.gxh5 gxh5 29.Kh3 Qf6
30.Qd7+ Be7 31.Kg2 Nf7 32.Qxa7 Qg6+ 33.Kh1 Bh4 34.a4 Be1 35.Qxf7+ Qxf7 36.Bxf7 Kxf7
37.Bxc5 Bxc3 38.Bxb6 Ke7 39.a5 Kd7 40.a6 Kc6 41.a7 Kb7 42.c5  1-0

[Event "White Nights"]
[Site "St Petersburg RUS"]
[Date "2007.07.01"]
[Round "7"]
[White "Soloviev,V"]
[Black "Markevich,I"]
[Result "0-1"]
[WhiteElo "2342"]
[BlackElo "2022"]

1.Nf3 c5 2.c4 Nf6 3.Nc3 e6 4.e3 d5 5.cxd5 exd5 6.d4 Nc6 7.Be2 Be7 8.dxc5 Bxc5
9.O-O O-O 10.a3 a6 11.b4 Ba7 12.b5 Ne7 13.Bb2 Nf5 14.Qd3 Be6 15.Ng5 Re8 16.Nxe6 fxe6
17.bxa6 bxa6 18.e4 Nd4 19.Bd1 Nd7 20.Ba4 Rf8 21.exd5 Ne5 22.Qh3 Rf6 23.Bc1 Rg6
24.Bd1 exd5 25.Bh5 Rc6 26.Bd2 Rac8 27.Rab1 Nc4 28.Be1 Rh6 29.Nxd5 Ne2+ 30.Kh1 Rc5
31.Qf3 Ne5 32.Ne7+ Qxe7 33.Qa8+ Qf8 34.Qxf8+ Kxf8 35.Bxe2 Rc2 36.Bd1 Rc8
37.Bb4+ Bc5 38.Bxc5+ Rxc5 39.f4 Nc4 40.Rb8+ Ke7 41.a4 Re6 42.h3 Ne3 43.Re1 Rc1
44.Rb7+ Kf6 45.Rd7 Ra1 46.Rd4 Nc2 47.Rxe6+ Kxe6 48.Rd8 Kf5 49.Kh2 Ne3 50.Bb3 Nf1+
51.Kg1 Nd2+ 52.Bd1 Rxd1+  0-1

[Event "White Nights"]
[Site "St Petersburg RUS"]
[Date "2007.07.03"]
[Round "9"]
[White "Orlov,O2"]
[Black "Fedoseev,S"]
[Result "1-0"]
[WhiteElo "2220"]
[BlackElo "2260"]

1.Nf3 c5 2.c4 Nf6 3.Nc3 g6 4.d4 cxd4 5.Nxd4 Bg7 6.g3 O-O 7.Bg2 Nc6 8.Nc2 d6
9.O-O Bd7 10.e4 a6 11.h3 Na5 12.Ne3 Rb8 13.b4 Nc6 14.b5 Na5 15.Rb1 axb5 16.cxb5 Rc8
17.Qd3 Be6 18.Ncd5 Nxd5 19.exd5 Bd7 20.Bd2 b6 21.Bxa5 bxa5 22.Rfc1 Rxc1+
23.Rxc1 a4 24.Rb1 Qb6 25.Qe4 a3 26.Qxe7 Bxb5 27.Bf1 Bb2 28.Bxb5 Qxb5 29.Qxd6 Qe2
30.Qb4 Re8 31.Re1 Qf3 32.d6 Rd8 33.Ng4 Qc6 34.Qb3 Rd7 35.Re7 Rxe7 36.dxe7 Qe8
37.Qb7 f5 38.Qd5+ Kg7 39.Qd8 Kf7 40.Nh6+  1-0

[Event "Asian Youth GU18"]
[Site "Tashkent UZB"]
[Date "2007.07.05"]
[Round "7"]
[White "Gevorgyan,I"]
[Black "Hamrakulova,Y"]
[Result "1-0"]
[WhiteElo "2085"]
[BlackElo "2182"]

1.Nf3 Nf6 2.c4 c5 3.Nc3 d5 4.cxd5 Nxd5 5.d4 cxd4 6.Qxd4 Nxc3 7.Qxc3 Nc6 8.e4 Bd7
9.Bb5 a6 10.Be2 e5 11.a3 Rc8 12.Nxe5 Nb4 13.Nc4 Nc6 14.Bf4 b5 15.Nd6+ Bxd6
16.Bxd6 Qg5 17.O-O Qg6 18.Rad1 f6 19.f4 Qf7 20.Qe3 Ne7 21.Qa7 Rc6 22.e5 Nc8
23.Qa8 Rxd6 24.exd6 O-O 25.Qxa6 Qb3 26.Bf3 Qe3+ 27.Kh1 Qb6 28.Qxb6 Nxb6 29.Rfe1 Rd8
30.Re7 Nc8 31.Bd5+ Kh8 32.Be6 Bxe6 33.Rxe6 Kg8 34.d7 Kf7 35.Rc6 Ne7 36.Rb6 Ng6
37.g3 Nf8 38.Rxb5  1-0

[Event "12th European Maccabi Games"]
[Site "Rome ITA"]
[Date "2007.07.06"]
[Round "2"]
[White "Kleiman,B"]
[Black "Burstein,R"]
[Result "1-0"]
[WhiteElo "2337"]
[BlackElo "2375"]

1.Nf3 Nf6 2.c4 c5 3.Nc3 g6 4.d4 cxd4 5.Nxd4 Bg7 6.e4 O-O 7.Be2 Nc6 8.Be3 d6
9.Qd2 Bd7 10.f3 Rc8 11.Rc1 a6 12.O-O Qa5 13.Nb3 Qh5 14.Nd5 e6 15.Nf4 Qe5
16.Nd3 Qh5 17.g4  1-0

[Event "Open"]
[Site "Banska Stiavnica SVK"]
[Date "2007.07.07"]
[Round "1"]
[White "Machalova,M"]
[Black "Womacka,M"]
[Result "0-1"]
[WhiteElo "2131"]
[BlackElo "2467"]

1.c4 c5 2.Nc3 Nf6 3.Nf3 e6 4.d4 cxd4 5.Nxd4 Bb4 6.Bd2 Nc6 7.Nc2 Bc5 8.e3 O-O
9.Be2 b6 10.O-O Bb7 11.Bf3 Rc8 12.b3 d5 13.cxd5 exd5 14.Na4 Bd6 15.Nd4 Nxd4
16.exd4 Ne4 17.Rc1 Rxc1 18.Qxc1 Ba6 19.Bxe4 Bxf1 20.Bf3 Ba6 21.Be3 Qd7 22.Nc3 Rc8
23.Qb2 Bb7 24.h3 Bb4 25.Ne2 Qc7 26.Nf4 Qc2 27.Qxc2 Rxc2 28.Nxd5 Bxd5 29.Bxd5 Rxa2
30.Bf4 Bc3 31.Be5 Ra1+ 32.Kh2 Rd1 33.Bf3 Rd2 34.Bb8 Bxd4 35.Bxa7 Be5+ 36.g3 Rxf2+
37.Bg2 Bc7  0-1